000 00610nam a2200193 a 4500
005 20220607063626.0
008 030623s1976 mx r 000 0 spa d
035 _aUPN01000126583
049 _aSEP
050 4 _aAC75
_bS4 no.270
100 1 _aKemper, Robert V.
245 1 0 _aCampesinos en la ciudad :
_bgente de Tzintzuntzan /
_cRobert V. Kemper ; tr. Poli Délano.
260 _aMéxico :
_bSEP,
_c1976.
300 _a157 p. :
_bil.
440 0 _aSepSetentas ;
_v270
651 4 _aTZINTZUNTZAN, MICHOACAN -
_xVIDA SOCIAL Y COSTUMBRES
_915195
650 4 _aMigración interna
_zMéxico
_95825
905 _aLibro
999 _c98762
_d98762